[Event "ch-ISR"]
[Site "Haifa ISR"]
[Date "2010.11.10"]
[Round "3.1"]
[White "Nabaty, Tamir"]
[Black "Mikhalevski, Victor"]
[Result "0-1"]
[WhiteTitle "IM"]
[BlackTitle "GM"]
[WhiteElo "2529"]
[BlackElo "2602"]
[WhiteFideId "2809052"]
[BlackFideId "2801914"]
[EventDate "2010.11.08"]

1. e4 e5 2. Nf3 Nc6 3. d4 exd4 4. Nxd4 Nf6 5. Nxc6 bxc6 6. e5 Qe7 7. Qe2 Nd5 8.
c4 Nb6 9. Nc3 Qe6 10. Qe4 g6 11. f4 d5 12. Qc2 a6 13. Be3 Be7 14. c5 Nc4 15.
Bxc4 dxc4 16. O-O O-O 17. Rae1 Rb8 18. h3 Rd8 19. Qf2 h5 20. Bd4 Qd7 21. Re4 Qf5
22. Re2 Be6 23. Ne4 Rd5 24. Kh2 Rbd8 25. Bc3 h4 26. Nf6+ Bxf6 27. exf6 Rxc5 28.
Be5 Qh5 29. Bxc7 Rd3 30. Be5 Rcd5 31. Bc3 c5 32. Rfe1 g5 33. Re5 g4 34. Kg1 g3
35. Qf1 Rxe5 36. Rxe5 Bf5 37. Re1 Kh7 38. Qe2 Qxe2 39. Rxe2 Kg6 40. Kf1 Rd8 41.
Ke1 Rd6 42. Be5 Re6 43. Kd2 Bd3 44. Re1 Kf5 45. Ke3 Be4 46. Re2 c3 47. bxc3 Rb6
48. Rd2 Rb1 49. Rd7 Rb7 50. Bc7 Bxg2 51. Rxf7 Bd5 52. Rg7 g2 53. c4 Rxc7 54.
Rg5+ Kxf6 55. cxd5 Rg7 56. Kf2 Rxg5 57. fxg5+ Kxg5 58. Kxg2 Kf5 0-1

[Event "ch-ISR"]
[Site "Haifa ISR"]
[Date "2010.11.10"]
[Round "3.5"]
[White "Zilberman, Yaacov"]
[Black "Kantarji, Pinchas"]
[Result "1/2-1/2"]
[WhiteTitle "GM"]
[BlackTitle "FM"]
[WhiteElo "2481"]
[BlackElo "2363"]
[WhiteFideId "2801612"]
[BlackFideId "2803712"]
[EventDate "2010.11.08"]

1. d4 d5 2. c4 c6 3. Nf3 Nf6 4. Nc3 g6 5. e3 Bg7 6. Bd3 O-O 7. O-O Nbd7 8. Bd2
dxc4 9. Bxc4 c5 10. Rc1 a6 11. a4 cxd4 12. exd4 Nb6 13. Ba2 Bf5 14. Re1 Rc8 15.
Bg5 h6 16. Bh4 g5 17. Bg3 e6 18. Ne5 Nfd7 19. Nf3 Nc4 20. Qe2 Na5 21. Rcd1 Qb6
22. h4 g4 23. Ne5 Nxe5 24. Bxe5 Bxe5 25. dxe5 g3 26. Rd2 Nc4 27. Bxc4 gxf2+ 28.
Qxf2 Qxf2+ 29. Kxf2 Rxc4 30. g3 Rfc8 31. Red1 Rb4 32. Rd8+ Rxd8 33. Rxd8+ Kg7
34. Rd2 Be4 35. Ke3 Bc6 36. a5 Rg4 37. Kf2 Rc4 38. Ke3 Rc5 39. Kd4 Rxa5 40. Rd1
f6 41. exf6+ Kxf6 42. g4 Ke7 43. Rf1 e5+ 44. Kc4 Bb5+ 45. Nxb5 Rxb5 46. b3 Rb6
47. Rf5 Ke6 48. Rh5 Rc6+ 49. Kd3 Kd5 50. g5 hxg5 51. Rxg5 Rb6 52. Kc3 Ke4 53. h5
Rh6 54. Rg7 Rxh5 55. Rxb7 Rh3+ 56. Kd2 Rh2+ 57. Kc3 Ke3 58. Rb6 Ra2 59. b4 a5
60. Rb5 axb4+ 61. Kxb4 Re2 62. Rxe5+ Kd2 63. Rxe2+ Kxe2 1/2-1/2

[Event "ch-ISR"]
[Site "Haifa ISR"]
[Date "2010.11.10"]
[Round "3.6"]
[White "Kantsler, Boris"]
[Black "Pasman, Michael"]
[Result "1-0"]
[WhiteTitle "GM"]
[BlackTitle "FM"]
[WhiteElo "2440"]
[BlackElo "2366"]
[WhiteFideId "2805359"]
[BlackFideId "2800500"]
[EventDate "2010.11.08"]

1. d4 d5 2. c4 c6 3. Nf3 Nf6 4. e3 Bf5 5. Nc3 e6 6. Nh4 Be4 7. f3 Bg6 8. Qb3 Qb6
9. Nxg6 hxg6 10. Bd2 Nbd7 11. O-O-O O-O-O 12. Qc2 Be7 13. cxd5 exd5 14. Bd3 Nf8
15. Kb1 Ne6 16. Rc1 Kb8 17. h3 Nd7 18. Na4 Qc7 19. b4 b5 20. Nc5 Ndxc5 21. bxc5
Ka8 22. a3 g5 23. Ka2 Rb8 24. Rb1 a5 25. Bc3 Bf6 26. Qd2 a4 27. Ba5 Qd7 28. Bc2
Qa7 29. Bb6 Qa6 30. Rb4 Bd8 31. Qd3 Kb7 32. Bxd8 Rhxd8 33. Rhb1 Kc7 34. Qf5 Rd7
35. Qe5+ Kc8 36. Bf5 Rbb7 37. e4 Kd8 38. Bxe6 fxe6 39. Re1 dxe4 40. Rxe4 Re7 41.
Qxg5 Kc8 42. Qg4 Kd7 43. f4 Qa8 44. f5 Qg8 45. fxe6+ Kc8 46. Rb1 Rbd7 47. Rf1
Kb7 48. Ka1 Rd5 49. Qg6 Qd8 50. Rf7 Ka6 51. Qg4 g5 52. Kb1 Qe8 53. Rxe7 Qxe7 54.
Qf3 g4 55. hxg4 Rd8 56. Re1 Rc8 57. g5 Qxg5 58. e7 Qg6+ 59. Qe4 Qg8 60. Qe6 Qe8
61. Qxc8+ Qxc8 62. e8=Q 1-0

[Event "ch-ISR"]
[Site "Haifa ISR"]
[Date "2010.11.10"]
[Round "3.7"]
[White "Shevelev, Arkady"]
[Black "Zaslavsky, Mikhail"]
[Result "0-1"]
[WhiteTitle "IM"]
[BlackTitle "IM"]
[WhiteElo "2315"]
[BlackElo "2424"]
[WhiteFideId "2802163"]
[BlackFideId "2807670"]
[EventDate "2010.11.08"]

1. e4 c5 2. Nf3 Nc6 3. d4 cxd4 4. Nxd4 Nf6 5. Nc3 e5 6. Ndb5 d6 7. Nd5 Nxd5 8.
exd5 Nb8 9. c4 Be7 10. Bd3 O-O 11. O-O a6 12. Nc3 f5 13. f3 Nd7 14. Be3 Bg5 15.
Bf2 Qf6 16. Qc2 Nc5 17. b4 Nxd3 18. Qxd3 a5 19. b5 Bd7 20. c5 dxc5 21. Bxc5 Rfc8
22. Be3 e4 23. Bxg5 exd3 24. Bxf6 gxf6 25. Na4 Rc2 26. Nb6 Rd8 27. a4 d2 28.
Rad1 Be8 29. Rf2 Rd6 30. Rdxd2 Rxd2 31. Rxd2 Rxb6 32. Rc2 Rd6 33. Rc8 Kf8 34.
Rb8 b6 35. Kf2 f4 36. g3 Ke7 37. gxf4 Bf7 38. Rb7+ Kf8 39. Rb8+ Kg7 40. Rb7 f5
41. Rc7 Kf6 42. Ke3 Bxd5 43. Rxh7 Kg6 44. Rh8 Bb3 45. h4 Bxa4 46. Rf8 Rd5 47.
Rg8+ Kh7 48. Re8 Rxb5 49. Re6 Bb3 50. Re7+ Kg6 51. Kd4 a4 52. Ra7 Rd5+ 53. Kc3
b5 54. Kb4 Bc4 55. Ra8 Rd4 56. Rh8 Rxf4 57. h5+ Kg7 58. Rd8 Rxf3 0-1

[Event "ch-ISR"]
[Site "Haifa ISR"]
[Date "2010.11.10"]
[Round "3.8"]
[White "Kataev, Simcho"]
[Black "Berkovich, Mark A"]
[Result "0-1"]
[WhiteTitle "FM"]
[BlackTitle "IM"]
[WhiteElo "2281"]
[BlackElo "2392"]
[WhiteFideId "4106644"]
[BlackFideId "2801639"]
[EventDate "2010.11.08"]

1. d4 d5 2. Nf3 Nf6 3. Bf4 c5 4. e3 Nc6 5. c3 Qb6 6. b3 Bg4 7. h3 Bxf3 8. Qxf3
g6 9. Bd3 Bg7 10. O-O O-O 11. Nd2 Qa5 12. Rfc1 Nh5 13. Bh2 cxd4 14. b4 Qa3 15.
exd4 Bh6 16. Qe2 Qb2 17. Nb3 Qxe2 18. Bxe2 Bxc1 19. Rxc1 Rac8 20. a4 Nf6 21. f3
Nd7 22. b5 Nd8 23. a5 f6 24. f4 Nf7 25. Kf2 Nd6 26. Ke3 Kf7 27. Bg3 f5 28. Nd2
Rc7 29. c4 dxc4 30. Nxc4 Rfc8 31. Nxd6+ exd6 32. Rxc7 Rxc7 33. Bf3 Nf6 34. Kd3
d5 35. Bf2 Ne4 36. Be1 Rc1 37. Bb4 Rb1 38. Bc5 Rxb5 39. Bxa7 Rxa5 40. Bb8 Ra8 0-1

[Event "ch-ISR"]
[Site "Haifa ISR"]
[Date "2010.11.10"]
[Round "3.10"]
[White "Mamut, Igor"]
[Black "Axelrod, Arie"]
[Result "0-1"]
[BlackTitle "FM"]
[WhiteElo "2229"]
[BlackElo "2386"]
[WhiteFideId "2803020"]
[BlackFideId "2804867"]
[EventDate "2010.11.08"]

1. d4 Nf6 2. c4 e6 3. Nc3 Bb4 4. e3 O-O 5. Ne2 d5 6. cxd5 exd5 7. Ng3 c5 8. Be2
Nc6 9. O-O Re8 10. a3 Bxc3 11. bxc3 c4 12. a4 Na5 13. Ra2 Nb3 14. Bf3 Bd7 15.
Qc2 Bc6 16. Qb2 Qa5 17. Ne2 Ne4 18. Bxe4 Rxe4 19. Qa3 Qc7 20. a5 Rae8 21. Qb4
Rh4 22. Ng3 a6 23. Re1 Rh6 24. Nf1 f5 25. Rd1 Rhe6 26. f3 f4 27. e4 Nxc1 28.
Rxc1 dxe4 29. Qxc4 Qd7 30. fxe4 Bxe4 31. Rf2 Bd5 32. Qd3 Rg6 33. c4 Be4 34. Qd2
Rf8 35. Re1 Bxg2 36. Rxg2 f3 37. Rxg6 f2+ 38. Qxf2 Rxf2 39. Rxg7+ Qxg7+ 40. Kxf2
Qxd4+ 41. Ne3 Qd2+ 42. Re2 Qxa5 43. Kf3 Qh5+ 44. Ng4 Qh3+ 45. Kf4 h5 46. Nf6+
Kf7 47. Ne4 Qg4+ 48. Ke3 Ke6 49. Kd3 Qh3+ 50. Kd4 Qh4 51. c5 Kd7 52. Rg2 Kc7 53.
Rg7+ Kb8 54. Rg2 Ka7 55. Kd5 Qh3 56. Rf2 a5 57. Kd4 Qb3 58. Nd6 a4 59. Rf8 a3
60. Nc8+ Ka6 61. Nd6 Ka5 62. Ra8+ Kb4 63. Nxb7 a2 64. Ra6 0-1

[Event "ch-ISR"]
[Site "Haifa ISR"]
[Date "2010.11.10"]
[Round "3.11"]
[White "Vydeslaver, Alik"]
[Black "Rinberg, Alexander"]
[Result "1-0"]
[WhiteTitle "IM"]
[BlackTitle "FM"]
[WhiteElo "2388"]
[BlackElo "2302"]
[WhiteFideId "2801876"]
[BlackFideId "14102510"]
[EventDate "2010.11.08"]

1. e4 c5 2. Nf3 e6 3. Nc3 d6 4. d4 cxd4 5. Qxd4 Nc6 6. Bb5 Bd7 7. Qd3 a6 8. Bxc6
bxc6 9. Bg5 f6 10. Be3 Nh6 11. Bxh6 gxh6 12. O-O-O e5 13. Nd2 Be6 14. Nc4 Bxc4
15. Qxc4 Qc8 16. Ne2 Rb8 17. Ng3 a5 18. f4 Rb4 19. Qc3 Rg8 20. Rhf1 Rg6 21. a3
Rb5 22. Nf5 Rc5 23. Qh3 Qa6 24. Rf2 d5 25. Nh4 Rg7 26. fxe5 fxe5 27. Qe6+ 1-0

[Event "ch-ISR"]
[Site "Haifa ISR"]
[Date "2010.11.10"]
[Round "3.12"]
[White "Kudischewitsch, David"]
[Black "Sheskin, Matan"]
[Result "0-1"]
[WhiteTitle "IM"]
[WhiteElo "2366"]
[BlackElo "2252"]
[WhiteFideId "4111893"]
[BlackFideId "2809435"]
[EventDate "2010.11.08"]

1. d4 d5 2. Bg5 f6 3. Bc1 Nc6 4. e3 e5 5. Nf3 Bg4 6. Be2 Qd7 7. h3 Be6 8. dxe5
fxe5 9. Ng5 Nf6 10. Nxe6 Qxe6 11. a3 O-O-O 12. O-O h5 13. Nd2 g5 14. Re1 g4 15.
h4 g3 16. fxg3 e4 17. c4 Bc5 18. Kh1 Bxe3 19. cxd5 Qe5 20. Nc4 Qxg3 21. Nxe3
Nxd5 22. Nf5 Qe5 23. Bg5 Qxf5 24. Rf1 Qe5 25. Bxh5 Ne3 26. Bg4+ Kb8 27. Bxd8
Nxd1 28. Bf6 Nf2+ 29. Rxf2 Qg3 30. Raf1 Rf8 31. Be2 a6 32. Rf5 Rg8 33. Bg5 Nd4
34. Rf8+ Rxf8 35. Rxf8+ Ka7 36. Bh5 Ne6 0-1

[Event "ch-ISR"]
[Site "Haifa ISR"]
[Date "2010.11.10"]
[Round "3.13"]
[White "Porat, Maya"]
[Black "Krayz, Alexander"]
[Result "1/2-1/2"]
[BlackTitle "IM"]
[WhiteElo "2257"]
[BlackElo "2339"]
[WhiteFideId "2808072"]
[BlackFideId "2802066"]
[EventDate "2010.11.08"]

1. d4 Nf6 2. c4 e6 3. Nc3 Bb4 4. g3 O-O 5. Bg2 d6 6. Nf3 Ne4 7. Qc2 f5 8. Bd2
Nxd2 9. Qxd2 Nd7 10. a3 Bxc3 11. Qxc3 Nf6 12. O-O Qe8 13. b4 Ne4 14. Qd3 Rb8 15.
Rac1 b6 16. Rfd1 Bb7 17. d5 e5 18. Nh4 Qf7 19. Rf1 Ng5 20. f4 exf4 21. Rxf4 Bc8
22. Rcf1 Qe7 23. Nxf5 Bxf5 24. Rxf5 Rxf5 25. Rxf5 Nf7 26. Bh3 Ne5 27. Qe4 g6 28.
Rf2 Rf8 29. Be6+ Kg7 30. Rxf8 Qxf8 31. c5 bxc5 32. bxc5 Qb8 33. Kg2 Qb2 34. cxd6
cxd6 35. Qe3 a5 36. Kf2 Nc4 37. Qa7+ Kh6 38. Bg8 Qg7 39. Bf7 Qf6+ 40. Kg2 Qe5
41. Kf2 Qf5+ 42. Kg1 Qb1+ 43. Kg2 Qe1 44. Qf2 Qxf2+ 45. Kxf2 Nxa3 46. Ke3 Nb5
47. Be8 Nc7 48. Bc6 Kg5 49. Kd4 Kf6 50. e4 Ke7 51. e5 dxe5+ 52. Kxe5 Ne8 53. g4
g5 54. Ba4 Nd6 55. Kd4 Kf6 56. Bc6 Ke7 57. Ba4 Kf6 58. Bc6 Ke7 1/2-1/2

[Event "ch-ISR"]
[Site "Haifa ISR"]
[Date "2010.11.10"]
[Round "3.14"]
[White "Givon, Asaf"]
[Black "Zaltz, Dov"]
[Result "1/2-1/2"]
[WhiteElo "2226"]
[BlackElo "2316"]
[WhiteFideId "2801841"]
[BlackFideId "2800578"]
[EventDate "2010.11.08"]

1. e4 c5 2. Nf3 d6 3. d4 cxd4 4. Nxd4 Nf6 5. Nc3 g6 6. Be3 Bg7 7. f3 O-O 8. Qd2
Nc6 9. O-O-O d5 10. exd5 Nxd5 11. Nxc6 bxc6 12. Bd4 Bxd4 13. Qxd4 Qc7 14. Qc5
Nb6 15. h4 Bf5 16. g4 Qf4+ 17. Kb1 Be6 18. h5 Nd5 19. hxg6 fxg6 20. Be2 Qe5 21.
Nxd5 Bxd5 22. Bc4 e6 23. Bxd5 cxd5 24. Rde1 Qf6 25. Re3 Rab8 26. b3 Rb6 27. a4
Rb7 28. Rhe1 Re7 29. Qd6 Rfe8 30. f4 Kg7 31. R1e2 Kg8 32. Re1 Kg7 33. R1e2 Kg8 1/2-1/2

[Event "ch-ISR"]
[Site "Haifa ISR"]
[Date "2010.11.10"]
[Round "3.16"]
[White "Prozhanski, Genrik"]
[Black "Galburd, Yan"]
[Result "0-1"]
[WhiteElo "2342"]
[BlackElo "2322"]
[WhiteFideId "2802767"]
[BlackFideId "2808528"]
[EventDate "2010.11.08"]

1. d4 Nf6 2. c4 g6 3. Nc3 Bg7 4. e4 O-O 5. Nf3 d6 6. Be2 c5 7. d5 e6 8. Bf4 exd5
9. cxd5 b5 10. Bxb5 Nxe4 11. Nxe4 Qa5+ 12. Qd2 Qxb5 13. Nxd6 Qxb2 14. Qxb2 Bxb2
15. Rb1 Bc3+ 16. Bd2 Bxd2+ 17. Kxd2 Rd8 18. Nxc8 Rxd5+ 19. Kc3 Nc6 20. Kc4 Rd7
21. Nb6 axb6 22. Rxb6 Nd4 23. Ne5 Ra4+ 24. Kc3 Re7 25. Nd3 Re2 26. Rb2 Ra3+ 27.
Kc4 Rxb2 28. Nxb2 Rxa2 29. Rb1 Ne6 30. Kb3 Ra7 31. Rc1 Nd4+ 32. Kc4 Kg7 33. Nd3
Ne6 34. Rb1 Ra4+ 35. Kc3 Ra2 36. Nb2 Kf6 37. Kb3 Ra7 38. Rd1 Nf4 39. g3 Ne6 40.
Rd5 Ra1 41. h4 Rc1 42. Ka3 Nd4 0-1

[Event "ch-ISR"]
[Site "Haifa ISR"]
[Date "2010.11.11"]
[Round "4.3"]
[White "Kantarji, Pinchas"]
[Black "Nabaty, Tamir"]
[Result "0-1"]
[WhiteTitle "FM"]
[BlackTitle "IM"]
[WhiteElo "2363"]
[BlackElo "2529"]
[WhiteFideId "2803712"]
[BlackFideId "2809052"]
[EventDate "2010.11.08"]

1. d4 Nf6 2. c4 e6 3. Nf3 c5 4. Nc3 cxd4 5. Nxd4 Nc6 6. e3 Bb4 7. Bd2 O-O 8. Be2
d5 9. Nxc6 bxc6 10. O-O Bd6 11. Qc2 Bd7 12. Rfd1 Qc7 13. h3 Rfd8 14. Rac1 Qb7
15. Be1 Rac8 16. Bf3 Bb8 17. Na4 Qc7 18. g3 c5 19. cxd5 exd5 20. Nxc5 Bxh3 21.
Qa4 Qe5 22. Nd3 Qf5 23. Nf4 Bg4 24. Bxg4 Qxg4 25. Rxc8 Rxc8 26. Qa6 Bxf4 27.
exf4 Re8 28. Qa4 h5 29. Bc3 Re4 30. Qb3 Re3 31. Qc2 Re2 32. Qd3 Ne4 33. Re1 Nxc3
34. Qxc3 d4 35. Qa5 Rxe1+ 36. Qxe1 Qd7 37. Qd2 d3 38. f3 Qd4+ 39. Kf1 Qd5 40.
Kf2 Qc5+ 41. Kf1 Qc2 42. Ke1 f5 43. Qe3 Kf8 44. b4 Qb1+ 45. Kd2 Qc2+ 46. Ke1
Qb1+ 47. Kd2 Qxa2+ 48. Kxd3 Qb3+ 49. Ke2 Qxe3+ 50. Kxe3 Ke7 51. Kd4 Kd6 52. b5
Ke6 53. Kc5 g5 54. fxg5 f4 55. Kd4 fxg3 56. Ke3 h4 57. f4 h3 58. Kf3 g2 59. Kf2
Kf5 60. Kg1 Kxf4 61. g6 Kg3 62. g7 h2# 0-1

[Event "ch-ISR"]
[Site "Haifa ISR"]
[Date "2010.11.11"]
[Round "4.4"]
[White "Gruenfeld, Yehuda"]
[Black "Axelrod, Arie"]
[Result "1-0"]
[WhiteTitle "GM"]
[BlackTitle "FM"]
[WhiteElo "2469"]
[BlackElo "2386"]
[WhiteFideId "2800020"]
[BlackFideId "2804867"]
[EventDate "2010.11.08"]

1. e4 e5 2. Nf3 Nc6 3. Bb5 Nd4 4. Bc4 c6 5. Nxd4 exd4 6. O-O h5 7. Qf3 Qf6 8.
Qxf6 Nxf6 9. Re1 d6 10. c3 Be7 11. Bf1 dxc3 12. Nxc3 Be6 13. d4 d5 14. e5 Ng4
15. Bd3 Nh6 16. Bxh6 Rxh6 17. f4 f5 18. Rec1 Kd7 19. Na4 Rg8 20. h4 Rg6 21. b4
a6 22. Be2 Rg3 23. Bf3 Kc7 24. Nc5 Bc8 25. a4 Bxh4 26. b5 Rxf3 27. gxf3 g5 28.
Nd3 a5 29. Rc2 gxf4+ 30. Kh2 Bd7 31. Kh3 Bg3 32. bxc6 Bxc6 33. Rb1 Ra8 34. Nc5
Ra7 35. e6 Kd6 36. Nxb7+ Bxb7 37. Rb6+ Bc6 38. Rcxc6+ Ke7 39. Rb5 Bf2 40. Rxd5
h4 41. Rxf5 1-0

[Event "ch-ISR"]
[Site "Haifa ISR"]
[Date "2010.11.11"]
[Round "4.6"]
[White "Zaslavsky, Mikhail"]
[Black "Tseitlin, Mark D"]
[Result "1/2-1/2"]
[WhiteTitle "IM"]
[BlackTitle "GM"]
[WhiteElo "2424"]
[BlackElo "2415"]
[WhiteFideId "2807670"]
[BlackFideId "2800128"]
[EventDate "2010.11.08"]

1. e4 c5 2. Nf3 d6 3. d4 cxd4 4. Nxd4 Nf6 5. Nc3 a6 6. Bg5 Nbd7 7. Bc4 Qa5 8.
Qd2 e6 9. O-O h6 10. Be3 Ng4 11. Bf4 g5 12. Bg3 Nde5 13. Be2 h5 14. Nb3 Qd8 15.
Bxg4 hxg4 16. Bxe5 dxe5 17. Qe2 Bd7 18. Qxg4 f6 19. Rad1 Rh4 20. Qg3 Qc7 21. Rd3
O-O-O 22. Rfd1 Be7 23. Qe3 Kb8 24. Qd2 Kc8 25. Qe3 Kb8 26. Qd2 Kc8 27. Qe3 1/2-1/2

[Event "ch-ISR"]
[Site "Haifa ISR"]
[Date "2010.11.11"]
[Round "4.8"]
[White "Shachar, Ehud"]
[Black "Zilberman, Yaacov"]
[Result "0-1"]
[WhiteTitle "FM"]
[BlackTitle "GM"]
[WhiteElo "2370"]
[BlackElo "2481"]
[WhiteFideId "2802198"]
[BlackFideId "2801612"]
[EventDate "2010.11.08"]

1. e4 Nf6 2. e5 Nd5 3. d4 d6 4. Nf3 c6 5. Be2 dxe5 6. Nxe5 Nd7 7. Nf3 N7f6 8.
O-O Bg4 9. c4 Nc7 10. h3 Bxf3 11. Bxf3 e6 12. Nc3 Be7 13. Be3 O-O 14. Qb3 Qb8
15. Rfe1 Rd8 16. Rad1 Rd7 17. Bf4 Bd6 18. Be5 Nce8 19. Na4 Qc8 20. Nc5 Rc7 21.
Ne4 Nxe4 22. Bxe4 Rd7 23. Bxd6 Nxd6 24. Bf3 Qd8 25. d5 exd5 26. cxd5 c5 27. Qe3
b6 28. Bg4 Rc7 29. Qf4 Re7 30. Rxe7 Qxe7 31. Rd3 Rd8 32. Re3 Qc7 33. b3 Kf8 34.
Bf3 Re8 35. Rxe8+ Nxe8 36. Qe4 h6 37. g3 Nf6 38. Qf5 Ke7 39. Kg2 b5 40. Qd3 a6
41. a4 bxa4 42. bxa4 a5 43. Qa6 Ne8 44. Be2 Nd6 45. Bb5 c4 46. Bc6 Kf6 47. Kf3
Qe7 48. Kg2 Qe4+ 49. Kf1 c3 50. Bb5 Qxd5 51. Qxa5 Nxb5 52. axb5 Qd1+ 53. Kg2 c2
54. Qb6+ Ke5 55. Qc7+ Kd4 56. Qd7+ Kc3 57. Qc7+ Kb2 58. Qe5+ Ka2 0-1

[Event "ch-ISR"]
[Site "Haifa ISR"]
[Date "2010.11.11"]
[Round "4.10"]
[White "Birnboim, Nathan"]
[Black "Shevelev, Arkady"]
[Result "1-0"]
[WhiteTitle "IM"]
[BlackTitle "IM"]
[WhiteElo "2387"]
[BlackElo "2315"]
[WhiteFideId "2800209"]
[BlackFideId "2802163"]
[EventDate "2010.11.08"]

1. e4 c6 2. d4 d5 3. Nc3 g6 4. Bf4 Bg7 5. exd5 cxd5 6. Nb5 Na6 7. Qe2 Nf6 8.
Nd6+ Kf8 9. Nxc8 Rxc8 10. c3 Qa5 11. Nf3 Ne4 12. Qb5 Qxb5 13. Bxb5 Nc7 14. Ba4
h5 15. Ne5 Bh6 16. Nd7+ Kg7 17. Be5+ f6 18. Bxc7 Rxc7 19. f3 Nd6 20. Nc5 Kf7 21.
Kf2 Nc4 22. Rab1 e5 23. Rhe1 Rd8 24. Re2 b6 25. Na6 Rcc8 26. Rd1 Bf8 27. dxe5
fxe5 28. Bb5 Kf6 29. a3 h4 30. Nb4 Bc5+ 31. Ke1 Bxb4 32. axb4 d4 33. Ba6 Rc6 34.
b3 Nd6 35. cxd4 exd4 36. Rxd4 Nf7 37. Rxh4 Ne5 38. Kf2 g5 39. Rh6+ Ng6 40. g3
Rcd6 41. Bc4 Kg7 42. Rh5 Kf6 43. Rh7 Ne5 44. Rxa7 Nd3+ 45. Kg2 Nxb4 46. Rf7+ Kg6
47. Rfe7 Rf6 48. R7e6 Rf8 49. Rxf6+ Rxf6 50. Re6 Rxe6 51. Bxe6 Kf6 52. Bc4 Nc6
53. Kf2 Ke5 54. Ke3 Ne7 55. Kd3 Nc8 56. Kc3 Nd6 57. Bd3 Nf7 58. Be4 Nd6 59. Kd3
Nb5 60. Ke3 Nc7 61. f4+ gxf4+ 62. gxf4+ Kf6 63. h4 Ne6 64. h5 Kg7 65. Bc2 Nc5
66. Kd4 Kh6 67. Bd1 Kg7 68. b4 Na6 69. Kc4 Nc7 70. Bg4 Kf6 71. Kd4 Na6 72. b5
Nc5 73. Be2 Na4 74. Bf3 Nc5 75. Kd5 Nd3 76. f5 Kg5 77. Be4 Nc5 78. Bc2 Kxh5 79.
Kc6 Kg5 80. Kxb6 1-0

[Event "ch-ISR"]
[Site "Haifa ISR"]
[Date "2010.11.11"]
[Round "4.12"]
[White "Krayz, Alexander"]
[Black "Kataev, Simcho"]
[Result "1/2-1/2"]
[WhiteTitle "IM"]
[BlackTitle "FM"]
[WhiteElo "2339"]
[BlackElo "2281"]
[WhiteFideId "2802066"]
[BlackFideId "4106644"]
[EventDate "2010.11.08"]

1. e4 d5 2. exd5 Nf6 3. d4 Nxd5 4. c4 Nb6 5. Nc3 e5 6. dxe5 Qxd1+ 7. Nxd1 Nc6 8.
f4 Bb4+ 9. Bd2 Be6 10. b3 g5 11. fxg5 Bxd2+ 12. Kxd2 O-O-O+ 13. Kc3 Nxe5 14. Nf3
Nbd7 15. Ne3 Rdg8 16. h4 h6 17. Be2 c5 18. gxh6 Nxf3 19. gxf3 Rxh6 20. Ng4 Rh5
21. Rh2 Kd8 22. Rah1 Ke7 23. Ne3 Nf6 24. f4 Rhh8 25. f5 Bd7 26. Bf3 Bc6 27. Bxc6
bxc6 28. Re1 Rg3 29. Kc2 Kf8 30. Kd2 Rh5 31. Ree2 Rf3 32. Reg2 Rf4 33. Ke2 Ne4
34. Rg1 Rfxh4 35. Rxh4 Rxh4 36. Kf3 Ke7 37. Ng4 Nd6 38. Re1+ Kd8 39. Kf4 Rh8 40.
f6 Rh5 41. Re7 Rf5+ 42. Ke3 Rxf6 43. Rxa7 Re6+ 1/2-1/2

[Event "ch-ISR"]
[Site "Haifa ISR"]
[Date "2010.11.11"]
[Round "4.13"]
[White "Galburd, Yan"]
[Black "Porat, Maya"]
[Result "1/2-1/2"]
[WhiteElo "2322"]
[BlackElo "2257"]
[WhiteFideId "2808528"]
[BlackFideId "2808072"]
[EventDate "2010.11.08"]

1. Nf3 Nf6 2. c4 e6 3. Nc3 Bb4 4. g3 O-O 5. Bg2 c5 6. O-O Nc6 7. Na4 d6 8. a3
Ba5 9. d4 cxd4 10. b4 Bb6 11. Nxb6 Qxb6 12. e3 dxe3 13. Bxe3 Qc7 14. Nd4 Nxd4
15. Bxd4 e5 16. Bb2 Be6 17. Rc1 Bxc4 18. Bxb7 Qxb7 19. Rxc4 Rfd8 20. Qc2 Qf3 21.
Re1 h5 22. Re3 Qd5 23. Rc6 a5 24. Rd3 Qe4 25. f3 Qe1+ 26. Kg2 e4 27. fxe4 Ng4
28. Bd4 Qxe4+ 29. Kg1 axb4 30. axb4 Ra2 31. Qxa2 Qxd3 32. Bf2 Re8 33. Qc2 Nxf2
34. Kxf2 Qd4+ 35. Kg2 Qg4 36. Qd3 h4 37. Rxd6 h3+ 38. Kf1 Qxb4 39. Kf2 Qc5+ 40.
Kf3 Qc7 41. Kg4 Qc8+ 42. Kh4 Qc5 43. Rd5 Qe7+ 44. Kxh3 Qe6+ 1/2-1/2

[Event "ch-ISR"]
[Site "Haifa ISR"]
[Date "2010.11.11"]
[Round "4.14"]
[White "Zaltz, Dov"]
[Black "Mamut, Igor"]
[Result "1-0"]
[WhiteElo "2316"]
[BlackElo "2229"]
[WhiteFideId "2800578"]
[BlackFideId "2803020"]
[EventDate "2010.11.08"]

1. e4 e5 2. Nf3 Nc6 3. d4 exd4 4. Bc4 d6 5. Nxd4 g6 6. Nxc6 bxc6 7. O-O Bg7 8.
f4 Ne7 9. Nc3 O-O 10. Be3 Bxc3 11. bxc3 d5 12. exd5 cxd5 13. Bb3 Ba6 14. Re1 c6
15. Bc5 Re8 16. c4 Qa5 17. Bxe7 Rxe7 18. Rxe7 Qc5+ 19. Kh1 Qxe7 20. cxd5 cxd5
21. Bxd5 Rd8 22. Qd4 Bb7 23. c4 Bxd5 24. cxd5 h5 25. h3 Qd6 26. Re1 a6 27. Re5
Rb8 28. Qe4 Kg7 29. Re7 Rb5 30. Qd4+ Qf6 31. Re5 Rb6 32. Kh2 h4 33. Kg1 Rb7 34.
Kf2 a5 35. a3 Qb6 36. Re4+ Qxd4+ 37. Rxd4 Kf8 38. f5 g5 39. f6 Rb6 40. d6 Ke8
41. Rd5 Rb2+ 42. Kg1 Rb1+ 43. Kh2 Rf1 44. Rxa5 Rxf6 45. Rxg5 Rxd6 46. Rg4 Rh6
47. a4 Rh5 48. Kg1 Ke7 49. Kf2 Ke6 50. Kf3 Rc5 51. Rxh4 Rc3+ 52. Kf2 f5 53. Rb4
Ke5 54. h4 f4 55. Rb7 Ke4 56. h5 Rc2+ 57. Kg1 f3 58. Rb4+ Kf5 59. gxf3 Ra2 60.
h6 Kg6 61. Rb6+ Kh7 62. Ra6 Rb2 63. a5 Ra2 64. Kf1 Kh8 65. Ke1 Kh7 66. Kd1 Kh8
67. Kc1 Kh7 68. f4 Ra4 69. f5 Rc4+ 70. Kb2 Rc5 71. Kb3 Rxf5 72. Kb4 Rf4+ 73. Kc5
Rf5+ 74. Kd4 Rf4+ 75. Ke5 Ra4 76. Kd5 Ra1 77. Kc5 Rc1+ 78. Kb6 Rb1+ 79. Ka7 Ra1
80. Ka8 Ra2 81. Kb7 Ra1 82. Ra8 Rf1 83. Rc8 Rb1+ 84. Ka7 1-0

[Event "ch-ISR"]
[Site "Haifa ISR"]
[Date "2010.11.11"]
[Round "4.15"]
[White "Givon, Asaf"]
[Black "Kudischewitsch, David"]
[Result "1/2-1/2"]
[BlackTitle "IM"]
[WhiteElo "2226"]
[BlackElo "2366"]
[WhiteFideId "2801841"]
[BlackFideId "4111893"]
[EventDate "2010.11.08"]

1. e4 c5 2. Nf3 Qa5 3. c3 g6 4. Be2 Bg7 5. O-O d6 6. d4 Nf6 7. Nbd2 cxd4 8. cxd4
O-O 9. h3 Nc6 10. d5 Nb8 11. Re1 Qd8 12. Bf1 e6 13. dxe6 Bxe6 14. Nb3 Nc6 15.
Bg5 h6 16. Bh4 Qe7 17. Nbd4 Nxd4 18. Nxd4 g5 19. Bg3 Rfd8 20. Rc1 Ne8 21. Nxe6
Qxe6 22. Bc4 Qe7 23. b3 Be5 24. Bxe5 dxe5 25. Qg4 Kg7 26. Rcd1 Rxd1 27. Rxd1 Rd8
28. Rxd8 Qxd8 29. Qf5 Qe7 30. Bd5 Nd6 31. Qf3 Qc7 32. Qe3 b6 33. h4 gxh4 34. Kh2
Qe7 35. Kh3 Qg5 36. Qf3 h5 37. a4 Kh6 38. Kh2 Kg6 39. Kh3 Qc1 40. Kxh4 Qh1+ 41.
Qh3 Qxh3+ 42. Kxh3 Kg5 43. Kg3 a5 44. Kf3 h4 45. Bc6 Nc8 46. Bd5 Nd6 47. Bc6 Nc8
48. Bd5 Nd6 1/2-1/2